02361nab a22002777a 4500999001500000003000400015005001700019008004100036040000700077100003300084245014600117260007300263300001300336500004400349505117000393505009001563650003501653650003701688650003801725650003101763650005801794650004801852650003201900773013801932942001302070 c5448d5448OSt20251023095041.0190603e xxum|||| |||| 00| 0 spa d cPJ 94096aMizrahi, Mauricio Luis10aProcedencia de los daños y perjuicios por impedimentos de contacto parento-filiales. Responsabilidad del Estado / cMauricio Luis Mizrahi. cCiudad Autónoma de Buenos Aires :aThomson Reuters La Ley, b2025. ap. 26-40 aCita Online: TR LALEY AR/DOC/426/2025.  aSumario: I. El derecho de daños y la importancia de la comunicación del hijo con ambos progenitores.— II. El impedimento de contacto y los deberes de la judicatura. La protección especial que merecen los niños. Deficiencia en el accionar de ciertos tribunales.— III. Daños y perjuicios por la obstaculización de los vínculos parento-filiales.— IV. Admisión por la jurisprudencia de la acción por daños y perjuicios.— V. Procedencia de la acción de daños cuando no es genuino el discurso del niño que rechaza el contacto.— VI. Alcance de los daños a reclamar. Legitimación activa y pasiva. Responsabilidad del Estado.— VII. Sentencias del Tribunal Europeo de Derechos Humanos en casos de alienación parental que impidieron los contactos parento-filiales. Aplicación en el derecho argentino.— VIII. Rechazo de demandas de daños y perjuicios por la falta de los presupuestos de la responsabilidad civil.— IX. Daños y perjuicios contra el progenitor que no se relaciona con su hijo. Jurisprudencia.— X. De lege ferenda. Indemnización en el mismo proceso donde tramita el reclamo del régimen de comunicación. t¿Te interesa el texto completo? Solicitalo al correo: koha@justierradelfuego.gov.ar  091015aRESPONSABILIDAD PARENTAL 091215aRESPONSABILIDAD DEL ESTADO 094097aINTERES SUPERIOR DEL NIÑO 092823aDAÑOS Y PERJUICIOS 092741aDERECHOS DE LAS NIÑAS, NIÑOS Y ADOLESCENTES 095325aDERECHOS Y OBLIGACIONES DE LOS PADRES 091467aRESPONSABILIDAD CIVIL0 0271393170dCiudad Autónoma de Buenos Aires : Thomson Reuters La Ley, 2015-tRevista Código Civil y Comercial. Nº 2 - Abril 2025 2udccANA